000 01814nam a2200121Ia 4500
008 220620s9999||||xx |||||||||||||| ||und||
245 0 _aBIM in the Construction Industry
546 _aEnglish[eng]
650 _agreen construction||code checking||mvdXML||semantic technology||SMEs||BIM||construction management system||steel frame construction||safety||path planning||A-Star Searching||evacuation||MEP||logic chain||Industry 4.0||construction industry||building information modeling||cyber-planning-physical system||open BIM||mobile BIM||mobile application||technology acceptance model (TAM)||building information modeling (BIM)||building project||hindrance||factor analysis||structural equation modeling (SEM)||managerial strategies||Singapore||Building Information Modeling||process improvement||construction management||information and communication technologies||Augmented Reality||building design||building performance simulation||energy conservation||fire safety inspection||real-time location system||smartphone||crowdsourcing||clash detection||supervised machine learning||openBIM||information interoperability||standards||software||fire disaster||facility management||lean construction||production planning and control||data-driven construction||concrete formwork||concrete maturity||interoperability||real-time monitoring||fire safety rule||visual language||portable firefighting equipment||Building Information Modeling (BIM)||Industry Foundation Classes (IFC)||partial model extraction||query language||selection set||3D Reconstruction||2D structural drawing||object detection||deep learning||YOLO||log data mining||modeling performance||collaborative environment||behavioral patterns||n/a
700 _aCha, Hee Sung||Jiang, Shaohua
856 _uhttps://mdpi.com/books/pdfview/book/3313
942 _cEB
999 _c33138
_d33138